Con Bombazos y amenazas: jugando al terrorismo /
Na minha lista:
| Autor principal: | |
|---|---|
| Formato: | Texto |
| Tags: |
Adicionar Tag
Sem tags, seja o primeiro a adicionar uma tag!
|
MARC
| LEADER | 00000 a a2200000 04500 | ||
|---|---|---|---|
| 001 | 46001 | ||
| 003 | |||
| 040 | |a CRAI/IIS |c CRAI/IIS | ||
| 100 | |a Mercedes Mendoza, María | ||
| 245 | |a Con Bombazos y amenazas: |b jugando al terrorismo / |c María Mercedes Mendoza | ||
| 773 | |g volumen15, número388 (1995), páginas 7-9 | ||
| 999 | |c 18541 |d 18541 | ||
